El consejo de administración como ventaja competitiva /
Contenido: 1. Los consejos en transición: Las tres fases evolutivas de los consejos; Qué hace que un consejo sea progresivo; 2. Los tres bloques de construcción de los consejos progresivos: La dinámica de grupos; La arquitectura de la información; Atención a los temas importantes; 3. Las contribucio...
Guardado en:
| Autor principal: | |
|---|---|
| Formato: | Libro |
| Idioma: | Español |
| Publicado: |
Barcelona, España :
Deusto,
2005, c2005
|
| Temas: | |
| Etiquetas: |
Sin etiquetas, Sé el primero en etiquetar este registro!
|
MARC
| LEADER | 00000nam^a2200000^a^4500 | ||
|---|---|---|---|
| 001 | 000188572 | ||
| 005 | 20250521000000.0 | ||
| 009 | 20260310102342.051 | ||
| 020 | |a 84-234-2350-6 | ||
| 037 | |a Acervo ITESO - Biblioteca | ||
| 041 | |a ESP | ||
| 082 | |a 658. 422 |b CHA | ||
| 100 | |a Charan, Ram |e (autor) | ||
| 245 | 1 | 3 | |a El consejo de administración como ventaja competitiva / |c R. Charan ; tr. por Betty Trabal Piera. |
| 264 | 4 | |a Barcelona, España : |b Deusto, |c 2005, c2005 | |
| 300 | |a 206 p. | ||
| 336 | |a texto |b txt |2 rdacontenido | ||
| 337 | |a sin mediación |b n |2 rdamedio | ||
| 338 | |a volumen |b nc |2 rdasoporte | ||
| 500 | |a Traducción de: Boards That Deliver: Advancing Corporate Gobernance from Compliance to Competitive Advantage | ||
| 520 | |a Contenido: 1. Los consejos en transición: Las tres fases evolutivas de los consejos; Qué hace que un consejo sea progresivo; 2. Los tres bloques de construcción de los consejos progresivos: La dinámica de grupos; La arquitectura de la información; Atención a los temas importantes; 3. Las contribuciones que cuentan: El consejero delegado adecuado y su sucesión; La compensación del consejero delegado; La estrategia adecuada; La reserva de líderes; Controlar la salud, el rendimiento y el riesgo; 4. Mantener el ímpetu: Las operaciones del consejo; Trabajar con los inversores; Conclusión: Utilizar el consejo como ventaja competitiva; Apéndices: Muestra de anteproyecto de una estrategia; La agenda de las investigaciones. | ||
| 649 | |a XX | ||
| 650 | |a Gerentes y Jefes | ||
| 650 | |a Consejos y Consejeros Empresariales | ||
| 650 | |a Consejos y Consejeros Empresariales | ||
| 650 | |a Información - |x Administración | ||
| 650 | |a Sucesión en los Negocios | ||
| 650 | |a Liderazgo | ||
| 650 | |a Competitividad | ||
| 650 | |a Riesgo Económico | ||
| 650 | |a Estrategia en los Negocios | ||
| 650 | |a Proceso Administrativo - |x Dirección | ||
| 650 | |a Administración | ||
| 650 | |a Ciencias Administrativas | ||
| 910 | |a Fondo General | ||
| 920 | |a Impresos - Libros | ||
| 930 | |a Colección General | ||
| 905 | |a 101 | ||
| 901 | |a 0500130962 |b IT1 |c ACC |u 20250521 | ||
| 902 | |a https://opac.biblio.iteso.mx/vufind/Record/000188572 | ||